|
|
|
|
| LEADER |
00000naa2a2200000 4500 |
| 001 |
632060 |
| 005 |
20250902111258.0 |
| 035 |
|
|
|a (RuTPU)RU\TPU\conf\33761
|
| 035 |
|
|
|a RU\TPU\conf\33759
|
| 090 |
|
|
|a 632060
|
| 100 |
|
|
|a 20201007d2020 k y0rusy50 ca
|
| 101 |
0 |
|
|a rus
|
| 102 |
|
|
|a RU
|
| 105 |
|
|
|a y z 101zy
|
| 135 |
|
|
|a drcn ---uucaa
|
| 181 |
|
0 |
|a i
|
| 182 |
|
0 |
|a b
|
| 200 |
1 |
|
|a Использование фторполимерных пьезоэлектрических композитов для регенерации гнойных ран
|f Т. С. Твердохлебова, Л. С. Мамонтова
|g науч. рук. Е. Н. Больбасов
|
| 203 |
|
|
|a Текст
|c электронный
|
| 225 |
1 |
|
|a Перспективные материалы и нанотехнологии
|
| 300 |
|
|
|a Заглавие с экрана
|
| 338 |
|
|
|b Российский фонд фундаментальных исследований
|d 20-03-00171
|
| 463 |
|
0 |
|0 (RuTPU)RU\TPU\conf\32967
|t Химия и химическая технология в XXI веке
|o материалы XXI Международной научно-практической конференции студентов и молодых ученых имени выдающихся химиков Л. П. Кулёва и Н. М. Кижнера, посвященной 110-летию со дня рождения профессора А. Г. Стромберга, 21–24 сентября 2020 г., г. Томск
|f Национальный исследовательский Томский политехнический университет
|v [С. 666-667]
|d 2020
|
| 610 |
1 |
|
|a электронный ресурс
|
| 610 |
1 |
|
|a труды учёных ТПУ
|
| 610 |
1 |
|
|a пьезоэлектрические композиции
|
| 610 |
1 |
|
|a регенерация
|
| 610 |
1 |
|
|a раны
|
| 610 |
1 |
|
|a лечение
|
| 610 |
1 |
|
|a мембраны
|
| 610 |
1 |
|
|a фторсодержащие полимеры
|
| 700 |
|
1 |
|a Твердохлебова
|b Т. С.
|c специалист в области ядерных технологий
|c инженер Томского политехнического университета
|f 1994-
|g Тамара Сергеевна
|3 (RuTPU)RU\TPU\pers\45184
|9 21901
|
| 701 |
|
1 |
|a Мамонтова
|b Л. С.
|
| 702 |
|
1 |
|a Больбасов
|b Е. Н.
|c физик
|c младший научный сотрудник Томского политехнического университета, кандидат технических наук
|f 1981-
|g Евгений Николаевич
|4 727
|
| 712 |
0 |
2 |
|a Национальный исследовательский Томский политехнический университет
|b Инженерная школа ядерных технологий
|b Лаборатория плазменных гибридных систем
|3 (RuTPU)RU\TPU\col\23381
|
| 801 |
|
2 |
|a RU
|b 63413507
|c 20201125
|g RCR
|
| 856 |
4 |
|
|u http://earchive.tpu.ru/handle/11683/63577
|
| 942 |
|
|
|c BK
|